000 00594nam a2200241Ia 4500
003 OSt
005 20221007101404.0
006 a|||||r|||| 00| 0
007 ta
008 221006b |||||||| |||| 00| 0 eng d
024 _a6,373
037 _cTextual
040 _aLCO
_cLCO
_beng
041 _2eng
_aeng
082 _aZ3,51, L3
100 _aSPARROW GERALD
_9689461
245 0 _aQueens of Crimes.
260 _aLondon
_bArthur Barker Ltd.
_c1973
300 _a151
650 _aCRIME
942 _hZ3,51, L3
_cTEXL
999 _c1175936
_d1175936